FC Augsburg Squad 2023-2024 - Statistics

General Stats
  • This quiz has been taken 54 times
    38 since last reset
  • The average score is 21 of 36
Answer Stats
# Position Nation Player % Correct
9 FW Bosnia and Herzegovina Ermedin Demirović
93%
1 GK Germany Finn Dahmen
89%
3 DF Denmark Mads Pedersen
89%
4 DF England Reece Oxford
86%
2 DF Poland Robert Gumny
86%
16 FW Switzerland Rubén Vargas
82%
10 MF Germany Arne Maier
75%
6 DF Netherlands Jeffrey Gouweleeuw
75%
27 MF Belgium Arne Engels
71%
7 FW Croatia Dion Beljo
71%
19 DF Germany Felix Uduokhai
71%
22 DF Brazil Iago
71%
17 MF Croatia Kristijan Jakić
71%
21 FW Germany Phillip Tietz
71%
24 MF Finland Fredrik Jensen
68%
40 GK Czech Republic Tomáš Koubek
68%
30 MF Germany Niklas Dorsch
64%
- Coach Denmark Jess Thorup
57%
14 MF Japan Masaya Okugawa
57%
8 MF Germany Elvis Rexhbeçaj
54%
- Coach Germany Enrico Maaßen
54%
43 DF Switzerland Kevin Mbabu
54%
20 FW Germany Sven Michel
54%
11 MF Spain Pep Biel
50%
23 DF Germany Maximilian Bauer
46%
39 DF England Japhet Tanganga
43%
5 DF Ghana Patric Pfeiffer
43%
18 MF Germany Tim Breithaupt
43%
26 DF Denmark Frederik Winther
39%
48 FW France Irvin Cardona
39%
33 GK Poland Marcel Łubik
36%
34 FW France Nathanaël Mbuku
36%
36 MF Germany Mert Kömür
32%
38 DF Croatia David Čolina
25%
32 DF Germany Raphael Framberger
21%
42 DF Germany Aaron Zehnter
14%
No matching quizzes found
Score Distribution
Percent of People with Each Score
Percentile by Number Answered
Your Score History
You have not taken this quiz since the last reset